Význam zmeniek a šekov v medzinárodnom obchode diplomová práca

Saved in:
Bibliographic Details
Main Author: Gaľan, Lukáš
Corporate Author: Obchodná fakulta EU. Katedra medzinárodného obchodu
Other Authors: Pavelka, Ľuboš, 1962-
Format: Book
Language:Slovak
Published: Bratislava 2010
Tags: Add Tag
No Tags, Be the first to tag this record!

MARC

LEADER 00000nam a2200000 4500
001 0120003
005 20240318123926.9
041 0 |a slo 
044 |a SK 
245 1 0 |a Význam zmeniek a šekov v medzinárodnom obchode  |b diplomová práca  |c Lukáš Gaľan ; škol. Ľuboš Pavelka 
264 1 |a Bratislava  |c 2010 
300 |a 91 s. 
100 1 |a Gaľan, Lukáš 
700 1 |a Pavelka, Ľuboš, 1962- 
710 2 |a Obchodná fakulta EU. Katedra medzinárodného obchodu